00335nam a2200145Ia 4500008004000000041000800040082001100048100001800059245002300077260005400100650000800154650000800162650001100170650000800181210210b1931 xxu||||| |||| 00| 0 eng d aeng a822/76 aBARNES (H) Ed aEssays old and new aLondonbGeorge G Harrap and Company Limitedc1931 aold anew aEssays aand